Anuario de eusko-folklore : (Record no. 142073)

MARC details
000 -LEADER
campo de control de longitud fija 00782nam a2200193 i 4500
001 - NÚMERO DE CONTROL
campo de control 142073
003 - IDENTIFICADOR DE NÚMERO DE CONTROL
campo de control ES-MaACL
005 - FECHA Y HORA DE LA ÚLTIMA TRANSACCIÓN
campo de control 20251215144033.0
007 - CAMPO FIJO DE DESCRIPCIÓN FÍSICA--INFORMACIÓN GENERAL
campo de control de longitud fija t|
008 - DATOS DE LONGITUD FIJA--INFORMACIÓN GENERAL
campo de control de longitud fija 071002s1966 sp ||||1| spa d
245 00 - MENCIÓN DEL TÍTULO
Título Anuario de eusko-folklore :
Resto del título trabajos de etnografía y arqueología 1963-1964.
Número de parte o sección de la obra Tomo XX /
Mención de responsabilidad, etc. José Miguel de Barandiarán ; Seminario de Etnología... de la R.S.V. de Amigos del País.
260 ## - PUBLICACIÓN, DISTRIBUCIÓN, ETC.
Lugar de publicación, distribución, etc. San Sebastián :
Nombre del editor, distribuidor, etc. Seminario de Etnología del Grupo de Ciencias Naturales Aranzadi,
Fecha de publicación, distribución, etc. 1966.
300 ## - DESCRIPCIÓN FÍSICA
Extensión 180 p., 2 h. pleg. de lám. ;
Dimensiones 24 cm.
600 14 - PUNTO DE ACCESO ADICIONAL DE MATERIA--NOMBRE DE PERSONA
Nombre de persona Barandiarán, José Miguel de,
Fechas asociadas al nombre 1889-1991
9 (RLIN) 25311
650 #7 - PUNTO DE ACCESO ADICIONAL DE MATERIA--TÉRMINO DE MATERIA
Término de materia o nombre geográfico como elemento de entrada Antropología cultural y social
Fuente del encabezamiento o término embne
9 (RLIN) 9867
852 ## - LOCALIZACIÓN
Ubicación ES-MaACL
Número de control de estantería C-31223
942 ## - ELEMENTOS DE ENTRADA SECUNDARIOS (KOHA)
Fuente del sistema de clasificación o colocación Clasificación decimal universal
Holdings
Estatus retirado Estado de pérdida Estado de daño No para préstamo Biblioteca de origen Biblioteca actual Ubicación en estantería Fecha de adquisición Fuente de adquisición Total de préstamos Signatura topográfica completa Código de barras Visto por última vez Precio de reemplazo Tipo de ítem Koha
        Biblioteca del Ateneo de Madrid Biblioteca del Ateneo de Madrid Depósito 2 17/01/2008     C-31223 1147827 23/02/2023 23/02/2023 Libro impreso